Регионална библиотека "Любен Каравелов" - Русе

Писма и дневници (Запис номер 123854)

MARC детайли
000 -Лидер
Контролно поле с фиксирана дължина 01541nam a2200313 c 4500
003 - Код на организацията, давaща контролен номер
Контролно поле BLK
005 - Дата и час на последна редакция
Контролно поле 20190629141710.0
008 - Елементи от данни с фиксирана дължина
fixed length control field 180409b bul|||||r ||||||| ||bul||
010 ## - Наследен системен номер
LC control number KNG00129517000
040 ## - Източник на каталожния запис
Идентификатор на билиотеката - собственик на записа BLK
041 ## - Код за език
Код за езика на текст/звукозапис или на отделно заглавие Български
Код за езика КДБФ Български
080 ## - УДК
Текстов определител УДК Английска литература
УДК код - определител по УДК 821.111
УДК определител -6
УДК - код + определител 821.111-6
080 ## - УДК
Текстов определител УДК Английска литература
УДК код - определител по УДК 821.111
УДК определител -94
УДК - код + определител 821.111-94
100 1# - Редна дума - Автор
Автор Байрон, Джордж Гордън Ноуъл
Авторска отговорност първи автор
R(LIN) 367011
139 ## - Редно поле
Редна дума Байрон, Джордж Гордън Ноуъл
Авторски знак Баир - Б 15
245 10 - Сведения за заглавието
Заглавие Писма и дневници
Редно поле (дума) Джордж Гордън Ноуъл Байрон; подб. и прев. от англ. с предг. Юлия Стефанова.
257 ## - Страна на издаване
Страна на създаване/издаване Великобритания
260 ## - Област на издателските данни
-- София
Име на издателя, разпространителя и проч. Нар. култура
Година на издаване 1985
300 ## - Физическа характеристика
Страници 360 с.
Размери/Мащаб 22 см
380 ## - Жанр
Жанр Худож. лит.
490 1# - СЕРИИ (Колекции)
Име на серия Поредица Извори
500 ## - Общи забележки
Забележка Прев.е направен от The Works of Lord Byron with his letters and journals ; "In my hot youth", Byron's letters and journals ; Lord Byron in his letters. - 10 125 тир. - Съдържа и Живот в дати. - Именен показалец.
700 1# - Други автори (авторска отговорност)
Лично име Стефанова, Юлия
Автороска отговорност (Описва отношението между автора и произведението) подб. и прев. от англ. с предг.
9 (RLIN) 369258
852 ## - Местоположение
Форматна сигнатура Цб 137647
856 4# - Електронен адрес и достъп
Електронен формат pdf - файл
Път до файла /url/
856 4# - Електронен адрес и достъп
Електронен формат pdf - файл
Път до файла /url/
942 ## - АРТИКУЛИ
Вид на библиотечния материал Книги
Скрит в OPAC Не
Koha issues (borrowed), all copies 2
944 ## - СЪЗДАВАНЕ И РЕДАКЦИЯ на ЗАПИСА
Създаване/Редакция Създаване
Дата на регистрацията/редакция 04.04.2012
Статус, дата на статуса 04.04.2012 - от С1,Р / 04.04.2012
Служител, извършил регистрацията/редакцията Наталия_Медовщикова
944 ## - СЪЗДАВАНЕ И РЕДАКЦИЯ на ЗАПИСА
Създаване/Редакция Редакция
Дата на регистрацията/редакция 04.04.2012
Статус, дата на статуса 04.04.2012 - от С1,Р / 04.04.2012
Служител, извършил регистрацията/редакцията
999 ## - СИСТЕМНИ КОНТРОЛНИ НОМЕРА
Koha biblionumber 123854
Koha biblioitemnumber 123854
Наличности
Код за отписване Код за изгубен артикул Източник на класификационната схема Код за повреда Коз за рестрикции Код за отдаване Артикулен № Име на библиотеката - собственик Име на библиотеката, в която се намира в момента Статус (Текущо местоположение) Дата на вписване в системата Местоположение - отдел Цена в лева Инвентарен номер Систематично азбучна сигнатура Баркод Номер на екземпляра Цена в евро Служебна бележка Служебен тип на артикула Бележка за публиката
  Не е изгубен Universal Decimal Classification Не е повреден без рестрикции ползва се в читалня 200710 Регионална библиотека "Любен Каравелов" Русе Регионална библиотека "Любен Каравелов" Русе Хранилище 1985-01-01 Хранилище 3.01 437255 Цб 137647 900000016387 1 1.54 N: стар фонд Дата: 01.01.1985 Книги  
Изтеглен Не е изгубен   Не е повреден без рестрикции заемане за дома 200711 Регионална библиотека "Любен Каравелов" Русе Регионална библиотека "Любен Каравелов" Русе   1985-01-01 Заемна - подръчен фонд 3.01 436995 П 820-6/Б 15 436995 2 1.54 N: стар фонд Дата: 01.01.1985 Книги Отч.N: 5 , Дата: 19.01.2018
Изтеглен Не е изгубен Universal Decimal Classification Не е повреден без рестрикции заемане за дома 200712 Регионална библиотека "Любен Каравелов" Русе Регионална библиотека "Любен Каравелов" Русе Заемна - подръчен фонд 1985-01-01 Заемна - подръчен фонд 3.01 436998 П 820-6/Б 15 436998 3 1.54 N: стар фонд Дата: 01.01.1985 Дата инв: 19.02.2018 Бележки инв: П2018 Книги  
  Не е изгубен Universal Decimal Classification Не е повреден без рестрикции заемане за дома 200713 Регионална библиотека "Любен Каравелов" Русе Регионална библиотека "Любен Каравелов" Русе Заемна - подръчен фонд 1985-01-01 Заемна - подръчен фонд 3.01 436999 П 820-6/Б 15 120000436999 4 1.54 N: стар фонд Дата: 01.01.1985 Дата инв: 14.02.2018 Бележки инв: П2018 Книги  
Изтеглен Не е изгубен Universal Decimal Classification Не е повреден без рестрикции заемане за дома 200714 Регионална библиотека "Любен Каравелов" Русе Регионална библиотека "Любен Каравелов" Русе Заемна - подръчен фонд 1985-01-01 Заемна - подръчен фонд 3.01 437001 П 820-6/Б 15 437001 5 1.54 N: стар фонд Дата: 01.01.1985 Дата инв: 14.02.2018 Бележки инв: П2018 Книги  
Vip Innovations Ltd, Rousse, Bulgaria 2025